00963nam a22002537a 4500999001500000001000500015003000900020005001700029008004100046020001500087040002800102082002000130100001700150245015700167250001200324260004200336300003000378504006400408650003600472650005000508700002100558942001200579952011800591 c2036d20364278BD-DhUAP20200219111342.0200219s1999 cau b 001 0 eng  a0787943444 aDLCcDLCdBD-DhUAPbEng00223a370.114 RYA1 aRyan, Kevin.10aBuilding character in schools :bpractical ways to bring moral instruction to life /cKevin Ryan and Karen E. Bohlin ; foreword by Sanford N. McDonnell. a1st ed. aSan Francisco :bJossey-Bass,cc1999. axxii, 280 pages ;c24 cm. aIncludes bibliographical references (p. 267-269) and index. 0aMoral educationzUnited States. 0aCharacterxStudy and teachingzUnited States.1 aBohlin, Karen E. 2ddccBK 00102ddc4070aUAPCLbUAPCLcGeneral Stacksd2020-02-19o370.114 RYAp3010004278r2020-02-19t1w2020-02-19yBK